| 000 | 00801nam a2200253Ia 4500 | ||
|---|---|---|---|
| 003 | OSt | ||
| 005 | 20220925203428.0 | ||
| 006 | a|||||r|||| 00| 0 | ||
| 007 | ta | ||
| 008 | 220923b |||||||| |||| 00| 0 eng d | ||
| 020 |
_a9781478000235 _c2442.80 |
||
| 037 |
_b2236, 15/01/2020, Dhanraj Book House _cGeneral Book |
||
| 040 |
_aRTL _cRTL _beng |
||
| 041 |
_2eng _aeng |
||
| 082 | _aY73:3(W).73, Q8 | ||
| 100 |
_aMcGRANAHAN Carole _9265829 |
||
| 245 | 0 | _aEthnographies of U.S. Empire | |
| 260 |
_aDurham _bDuke University Press _c2018 |
||
| 300 |
_axi,548p. _ccm. |
||
| 650 | _aSociology | ||
| 700 |
_a COLLINS John F _9265978 |
||
| 942 |
_hY73:3(W).73, Q8 _cGB _2CC |
||
| 999 |
_c546390 _d546390 |
||